000 00517nam a2200133Ia 4500
005 20260209120153.0
008 260209s9999||||xx |||||||||||||| ||und||
100 _aJeevitha
245 0 _aText and data mining in the ai era : navigating copyright challenges for India's innovative future
260 _aBangaloreBangalore
_bNLSIU, Bangalore
_c2024 - 2025
300 _a40 p. ; 25 cm.
700 _aMs. Aparajita Lath - SupervisorMs. Aparajita Lath - Supervisor
856 _uhttps://dans.nls.ac.in/handle/123456789/2503
999 _c217795
_d217795